Länder der Besatzungszonen in Österreich - Statistiken

Allgemein
  • Dieses Quiz wurde 12 mal gespielt
  • Das Durchschnittsergebnis liegt bei 10 aus 15
Antwortstatistiken
Besatzungszone Länder % Korrekt
Sowjetische Besatzungszone Niederösterreich
100%
Sowjetische Besatzungszone Burgenland
91%
Sowjetische Besatzungszone Oberösterreich
91%
US-Amerikanische Besatzungszone Oberösterreich
91%
US-Amerikanische Besatzungszone Salzburg
91%
Britische Besatzungszone Tirol
91%
Französische Besatzungszone Tirol
91%
Britische Besatzungszone Kärnten
82%
Britische Besatzungszone Steiermark
82%
US-Amerikanische Besatzungszone Steiermark
82%
Französische Besatzungszone Vorarlberg
82%
Sowjetische Besatzungszone Wien (2., 4., 10., 20.-22. Bezirk)
0%
Britische Besatzungszone Wien (3., 5., 11.-13. Bezirk)
0%
Französische Besatzungszone Wien (6., 14.-16. Bezirk)
0%
US-Amerikanische Besatzungszone Wien (7.-9., 17.-19. Bezirk)
0%
Keine übereinstimmenden Quizze gefunden
Verteilung der Resultate
Anzahl Personen mit jedem Resultat
Perzentil nach korrekt beantworteten Fragen
Ihre Resultats-Entwicklung
Sie haben dieses Quiz noch nicht gespielt